Normal view
MARC view
- نظم تصنيف الفنون - نظم التصنيف المكتبية - نظم تصنيف المعرفة - التصنيفات الببليوجرافية للفنون
Entry Topical Term
001 - CONTROL NUMBER
- control field: 52344
003 - CONTROL NUMBER IDENTIFIER
- control field: JO-AjAnu
005 - DATE AND TIME OF LATEST TRANSACTION
- control field: 20230606082614.0
008 - FIXED-LENGTH DATA ELEMENTS
- fixed length control field: 230606|| aca||aabn | a|a d
040 ## - CATALOGING SOURCE
- Original cataloging agency: JO-AjAnu
- Transcribing agency: JO-AjAnu
150 ## - HEADING--TOPICAL TERM
- Topical term or geographic name entry element: نظم تصنيف الفنون - نظم التصنيف المكتبية - نظم تصنيف المعرفة - التصنيفات الببليوجرافية للفنون
670 ## - SOURCE DATA FOUND
- Source citation: Work cat.: (JO-AjAnu)26749: تاليف علي، سيد أحمد بخيت , author 52343, تصنيف الفنون العربية والإسلامية: دراسة تحليلية نقدية